<?xml version="1.0" encoding="UTF-8"?>
<record
    xmlns:xsi="http://www.w3.org/2001/XMLSchema-instance"
    xsi:schemaLocation="http://www.loc.gov/MARC21/slim http://www.loc.gov/standards/marcxml/schema/MARC21slim.xsd"
    xmlns="http://www.loc.gov/MARC21/slim">

  <leader>00886nam a2200241   4500</leader>
  <datafield tag="999" ind1=" " ind2=" ">
    <subfield code="c">81440</subfield>
    <subfield code="d">318717</subfield>
  </datafield>
  <controlfield tag="003">OSt</controlfield>
  <controlfield tag="005">20220813115513.0</controlfield>
  <controlfield tag="008">220813b2015    su ||||g |||| 00| 0 ara d</controlfield>
  <datafield tag="020" ind1=" " ind2=" ">
    <subfield code="a">9786039001942</subfield>
  </datafield>
  <datafield tag="040" ind1=" " ind2=" ">
    <subfield code="a">Ma-Un</subfield>
    <subfield code="c">Ma-Un</subfield>
  </datafield>
  <datafield tag="082" ind1="0" ind2="4">
    <subfield code="a">920.99</subfield>
    <subfield code="b">&#x62C; &#x62D; &#x645;</subfield>
    <subfield code="2">21</subfield>
  </datafield>
  <datafield tag="100" ind1="1" ind2=" ">
    <subfield code="a">&#x627;&#x644;&#x62C;&#x627;&#x633;&#x631;&#x60C; &#x62D;&#x645;&#x62F;</subfield>
    <subfield code="9">66968</subfield>
  </datafield>
  <datafield tag="245" ind1="1" ind2="0">
    <subfield code="a">&#x645;&#x624;&#x631;&#x62E;&#x648; &#x646;&#x62C;&#x62F; &#x645;&#x646; &#x623;&#x647;&#x644;&#x647;&#x627; /</subfield>
    <subfield code="c">&#x62D;&#x645;&#x62F; &#x627;&#x644;&#x62C;&#x627;&#x633;&#x631;.</subfield>
  </datafield>
  <datafield tag="250" ind1=" " ind2=" ">
    <subfield code="a">&#x637;. 1.</subfield>
  </datafield>
  <datafield tag="260" ind1=" " ind2=" ">
    <subfield code="a">&#x627;&#x644;&#x631;&#x64A;&#x627;&#x636; :</subfield>
    <subfield code="b">&#x645;&#x631;&#x643;&#x632; &#x62D;&#x645;&#x62F; &#x627;&#x644;&#x62C;&#x627;&#x633;&#x631; &#x627;&#x644;&#x62B;&#x642;&#x627;&#x641;&#x64A;&#x60C;</subfield>
    <subfield code="c">2015</subfield>
    <subfield code="m">1436.</subfield>
  </datafield>
  <datafield tag="300" ind1=" " ind2=" ">
    <subfield code="a">168 &#x635;. &#x61B;</subfield>
    <subfield code="c">24 &#x633;&#x645;.</subfield>
  </datafield>
  <datafield tag="490" ind1=" " ind2=" ">
    <subfield code="a">&#x625;&#x635;&#x62F;&#x627;&#x631;&#x627;&#x62A; &#x645;&#x631;&#x643;&#x632; &#x62D;&#x645;&#x62F; &#x627;&#x644;&#x62C;&#x627;&#x633;&#x631; &#x627;&#x644;&#x62B;&#x642;&#x627;&#x641;&#x64A; &#x61B;</subfield>
    <subfield code="v">34</subfield>
  </datafield>
  <datafield tag="504" ind1=" " ind2=" ">
    <subfield code="a">&#x64A;&#x634;&#x62A;&#x645;&#x644; &#x639;&#x644;&#x649; &#x642;&#x627;&#x626;&#x645;&#x629; &#x628;&#x628;&#x644;&#x64A;&#x648;&#x62C;&#x631;&#x627;&#x641;&#x64A;&#x629;.</subfield>
  </datafield>
  <datafield tag="650" ind1=" " ind2="7">
    <subfield code="a">&#x627;&#x644;&#x645;&#x624;&#x631;&#x62E;&#x648;&#x646; &#x627;&#x644;&#x633;&#x639;&#x648;&#x62F;&#x64A;&#x648;&#x646;</subfield>
    <subfield code="x">&#x62A;&#x631;&#x627;&#x62C;&#x645;</subfield>
    <subfield code="9">97122</subfield>
  </datafield>
  <datafield tag="651" ind1=" " ind2="7">
    <subfield code="a">&#x646;&#x62C;&#x62F; (&#x627;&#x644;&#x633;&#x639;&#x648;&#x62F;&#x64A;&#x629;)</subfield>
    <subfield code="x">&#x62A;&#x631;&#x627;&#x62C;&#x645;</subfield>
    <subfield code="9">6360</subfield>
  </datafield>
  <datafield tag="651" ind1=" " ind2="7">
    <subfield code="a">&#x646;&#x62C;&#x62F; (&#x627;&#x644;&#x633;&#x639;&#x648;&#x62F;&#x64A;&#x629;)</subfield>
    <subfield code="x">&#x62A;&#x627;&#x631;&#x64A;&#x62E;</subfield>
    <subfield code="9">18</subfield>
  </datafield>
  <datafield tag="942" ind1=" " ind2=" ">
    <subfield code="2">ddc</subfield>
    <subfield code="c">BOOK</subfield>
  </datafield>
  <datafield tag="952" ind1=" " ind2=" ">
    <subfield code="1">0</subfield>
    <subfield code="2">2022-08-13</subfield>
    <subfield code="4">0</subfield>
    <subfield code="7">1</subfield>
    <subfield code="U">2022-08-13</subfield>
    <subfield code="a">920.99 &#x62C; &#x62D; &#x645;</subfield>
    <subfield code="d">2022-08-13</subfield>
    <subfield code="h">CL</subfield>
    <subfield code="i">00185188</subfield>
    <subfield code="m">CL</subfield>
    <subfield code="r">2022-08-13 00:00:00</subfield>
    <subfield code="t">BOOK</subfield>
    <subfield code="w">ddc</subfield>
    <subfield code="y">0</subfield>
  </datafield>
  <datafield tag="952" ind1=" " ind2=" ">
    <subfield code="1">0</subfield>
    <subfield code="2">2022-08-13</subfield>
    <subfield code="4">0</subfield>
    <subfield code="7">0</subfield>
    <subfield code="U">2022-08-13</subfield>
    <subfield code="a">920.99 &#x62C; &#x62D; &#x645;</subfield>
    <subfield code="d">2022-08-13</subfield>
    <subfield code="h">CL</subfield>
    <subfield code="i">00185189</subfield>
    <subfield code="m">CL</subfield>
    <subfield code="r">2022-08-13 00:00:00</subfield>
    <subfield code="t">BOOK</subfield>
    <subfield code="w">ddc</subfield>
    <subfield code="y">0</subfield>
  </datafield>
  <datafield tag="952" ind1=" " ind2=" ">
    <subfield code="1">0</subfield>
    <subfield code="2">2022-08-13</subfield>
    <subfield code="4">0</subfield>
    <subfield code="7">0</subfield>
    <subfield code="U">2022-08-13</subfield>
    <subfield code="a">920.99 &#x62C; &#x62D; &#x645;</subfield>
    <subfield code="d">2022-08-13</subfield>
    <subfield code="h">CL</subfield>
    <subfield code="i">00185190</subfield>
    <subfield code="m">CL</subfield>
    <subfield code="r">2022-08-13 00:00:00</subfield>
    <subfield code="t">BOOK</subfield>
    <subfield code="w">ddc</subfield>
    <subfield code="y">0</subfield>
  </datafield>
  <datafield tag="952" ind1=" " ind2=" ">
    <subfield code="1">0</subfield>
    <subfield code="2">2022-08-13</subfield>
    <subfield code="4">0</subfield>
    <subfield code="7">1</subfield>
    <subfield code="U">2022-08-13</subfield>
    <subfield code="a">920.99 &#x62C; &#x62D; &#x645;</subfield>
    <subfield code="d">2022-08-13</subfield>
    <subfield code="h">EZF</subfield>
    <subfield code="i">00185191</subfield>
    <subfield code="m">EZF</subfield>
    <subfield code="r">2022-08-13 00:00:00</subfield>
    <subfield code="t">BOOK</subfield>
    <subfield code="w">ddc</subfield>
    <subfield code="y">0</subfield>
  </datafield>
  <datafield tag="952" ind1=" " ind2=" ">
    <subfield code="1">0</subfield>
    <subfield code="2">2022-08-13</subfield>
    <subfield code="4">0</subfield>
    <subfield code="7">0</subfield>
    <subfield code="U">2022-08-13</subfield>
    <subfield code="a">920.99 &#x62C; &#x62D; &#x645;</subfield>
    <subfield code="d">2022-08-13</subfield>
    <subfield code="h">EZF</subfield>
    <subfield code="i">00185192</subfield>
    <subfield code="m">EZF</subfield>
    <subfield code="r">2022-08-13 00:00:00</subfield>
    <subfield code="t">BOOK</subfield>
    <subfield code="w">ddc</subfield>
    <subfield code="y">0</subfield>
  </datafield>
  <datafield tag="952" ind1=" " ind2=" ">
    <subfield code="1">0</subfield>
    <subfield code="2">2022-08-13</subfield>
    <subfield code="4">0</subfield>
    <subfield code="7">1</subfield>
    <subfield code="U">2022-08-13</subfield>
    <subfield code="a">920.99 &#x62C; &#x62D; &#x645;</subfield>
    <subfield code="d">2022-08-13</subfield>
    <subfield code="h">EMF</subfield>
    <subfield code="i">00185193</subfield>
    <subfield code="m">EMF</subfield>
    <subfield code="r">2022-08-13 00:00:00</subfield>
    <subfield code="t">BOOK</subfield>
    <subfield code="w">ddc</subfield>
    <subfield code="y">0</subfield>
  </datafield>
  <datafield tag="952" ind1=" " ind2=" ">
    <subfield code="1">0</subfield>
    <subfield code="2">2022-08-13</subfield>
    <subfield code="4">0</subfield>
    <subfield code="7">0</subfield>
    <subfield code="U">2022-08-13</subfield>
    <subfield code="a">920.99 &#x62C; &#x62D; &#x645;</subfield>
    <subfield code="d">2022-08-13</subfield>
    <subfield code="h">EMF</subfield>
    <subfield code="i">00185194</subfield>
    <subfield code="m">EMF</subfield>
    <subfield code="r">2022-08-13 00:00:00</subfield>
    <subfield code="t">BOOK</subfield>
    <subfield code="w">ddc</subfield>
    <subfield code="y">0</subfield>
  </datafield>
  <datafield tag="952" ind1=" " ind2=" ">
    <subfield code="1">0</subfield>
    <subfield code="2">2022-08-13</subfield>
    <subfield code="4">0</subfield>
    <subfield code="7">1</subfield>
    <subfield code="U">2022-08-13</subfield>
    <subfield code="a">920.99 &#x62C; &#x62D; &#x645;</subfield>
    <subfield code="d">2022-08-13</subfield>
    <subfield code="h">SZM</subfield>
    <subfield code="i">00185195</subfield>
    <subfield code="m">SZM</subfield>
    <subfield code="r">2022-08-13 00:00:00</subfield>
    <subfield code="t">BOOK</subfield>
    <subfield code="w">ddc</subfield>
    <subfield code="y">0</subfield>
  </datafield>
  <datafield tag="952" ind1=" " ind2=" ">
    <subfield code="1">0</subfield>
    <subfield code="2">2022-08-13</subfield>
    <subfield code="4">0</subfield>
    <subfield code="7">0</subfield>
    <subfield code="U">2022-08-13</subfield>
    <subfield code="a">920.99 &#x62C; &#x62D; &#x645;</subfield>
    <subfield code="d">2022-08-13</subfield>
    <subfield code="h">SZM</subfield>
    <subfield code="i">00185196</subfield>
    <subfield code="m">SZM</subfield>
    <subfield code="r">2022-08-13 00:00:00</subfield>
    <subfield code="t">BOOK</subfield>
    <subfield code="w">ddc</subfield>
    <subfield code="y">0</subfield>
  </datafield>
</record>
